Year Book 2014 (Record no. 184272)

MARC details
000 -LEADER
fixed length control field 00267nam a2200121Ia 4500
008 - FIXED-LENGTH DATA ELEMENTS--GENERAL INFORMATION
fixed length control field 230303s9999 xx 000 0 und d
041 ## - LANGUAGE CODE
Language code of text/sound track or separate title eng
082 ## - DEWEY DECIMAL CLASSIFICATION NUMBER
Classification number 050 SAC
100 ## - MAIN ENTRY--PERSONAL NAME
Personal name SACHDEVA (S.K)
245 ## - TITLE STATEMENT
Title Year Book 2014
260 ## - PUBLICATION, DISTRIBUTION, ETC.
Place of publication, distribution, etc. ND
Name of publisher, distributor, etc. : A PRESS A
365 ## - TRADE PRICE
Currency code RS
Holdings
Withdrawn status Lost status Damaged status Not for loan Home library Current library Date acquired Cost, normal purchase price Total Checkouts Full call number Barcode Date last seen Price effective from Koha item type
        College of Engineering, New Delhi College of Engineering, New Delhi 03/03/2023 340.00   050 SAC EB10798 03/03/2023 03/03/2023 Book